[Event "Madrid"]
[Site "?"]
[Date "1997.??.??"]
[Round "?"]
[White "Illescas Cordoba, M."]
[Black "Shirov, A."]
[Result "1/2-1/2"]
[WhiteElo "2635"]
[BlackElo "2690"]
[PlyCount "71"]
[EventDate "1997.??.??"]
[Source "ChessBase"]
[SourceDate "1997.02.01"]

1. e4 e5 2. Nf3 Nc6 3. Bb5 a6 4. Ba4 Nf6 5. O-O b5 6. Bb3 Bc5 7. a4 Rb8 8. axb5 axb5 9. Nxe5 Nxe5 10. d4 Bxd4 11. Qxd4 d6 12. f4 Nc6 13. Qc3 Ne7 14. e5 Ne4 15. Qe3 Nc5 16. exd6 Qxd6 17. Re1 Nxb3 18. cxb3 Be6 19. Nc3 O-O 20. Ne4 Qd5 21. Bd2 Nf5 22. Qf2 b4 23. Nc5 Rfd8 24. Na6 Qxd2 25. Qxd2 Rxd2 26. Nxb8 h5 27. Rf1 Rxb2 28. Na6 Ne3 29. Rf2 Rxb3 30. Nxc7 Bc4 31. Rf3 Be2 32. Rg3 Rc3 33. Kf2 Rxc7 34. Rxe3 Bg4 35. Rb1 Rc4 36. Reb3 1/2-1/2

[Event "Olimpiadi 2008 - open"]
[Site "Dresda GER"]
[Date "2008.11.23"]
[Round "10"]
[White "Svidler, P."]
[Black "Pavasovic, D."]
[Result "1-0"]
[WhiteElo "2727"]
[BlackElo "2597"]
[PlyCount "101"]
[EventDate "2008.11.13"]
[Source "www.chesslib.no"]
[SourceDate "2004.05.04"]

1. e4 e5 2. Nf3 Nc6 3. Bb5 a6 4. Ba4 Nf6 5. O-O b5 6. Bb3 Bc5 7. a4 Rb8 8. c3 d6 9. d4 Bb6 10. a5 Ba7 11. h3 O-O 12. Be3 exd4 13. cxd4 Ne7 14. Nbd2 Ng6 15. Re1 Bb7 16. Rc1 Rc8 17. d5 Bxe3 18. Rxe3 c6 19. dxc6 Rxc6 20. Rxc6 Bxc6 21. Qc2 Bb7 22. Qc3 d5 23. e5 Ne4 24. Qb4 Qe7 25. Qxe7 Nxe7 26. Nxe4 dxe4 27. Ng5 Bd5 28. Bxd5 Nxd5 29. Rxe4 h6 30. Nf3 Rc8 31. e6 fxe6 32. Rxe6 Nb4 33. Nd4 Rc1+ 34. Kh2 Rd1 35. Nf5 Rd2 36. Re7 Rxf2 37. Rxg7+ Kf8 38. Rg4 Rxb2 39. Nxh6 Nd3 40. h4 b4 41. h5 Ra2 42. Rg8+ Ke7 43. Nf5+ Kf7 44. Rg7+ Kf6 45. h6 Nf2 46. Rg8 Kxf5 47. h7 Ra1 48. h8=Q Rh1+ 49. Kg3 Rxh8 50. Rxh8 Nd3 51. Rh6 1-0

[Event "Zlatibor"]
[Site "?"]
[Date "2006.08.29"]
[Round "4"]
[White "Efimenko Zahar"]
[Black "Georgiev Kiril"]
[Result "1/2-1/2"]
[WhiteElo "2632"]
[BlackElo "2685"]
[PlyCount "77"]
[EventDate "2006.??.??"]
[Source "www.chesslib.no"]
[SourceDate "2004.05.04"]

1. e4 e5 2. Nf3 Nc6 3. Bb5 a6 4. Ba4 Nf6 5. O-O b5 6. Bb3 Bc5 7. a4 Rb8 8. axb5 axb5 9. Nxe5 Nxe5 10. d4 Bxd4 11. Qxd4 d6 12. f4 Nc6 13. Qc3 Ne7 14. e5 Ne4 15. Qe1 d5 16. Nc3 Nc5 17. Ba2 b4 18. Ne2 Ne4 19. Ng3 Nxg3 20. Qxg3 O-O 21. Qf2 d4 22. Bc4 c5 23. Qe2 Be6 24. Ra6 Bxc4 25. Qxc4 Qd5 26. Qxd5 Nxd5 27. Ra5 Rfc8 28. Bd2 b3 29. cxb3 Rxb3 30. Rc1 g5 31. Rcxc5 Rxc5 32. Rxc5 Nxf4 33. Bxf4 gxf4 34. Rd5 d3 35. Kf2 Rxb2+ 36. Kf3 Rd2 37. h3 Kf8 38. Kxf4 Rxg2 39. Rxd3 1/2-1/2

[Event "60th ch-RUS Superfinal"]
[Site "Moscow RUS"]
[Date "2007.12.19"]
[Round "2"]
[White "Timofeev, Arty"]
[Black "Inarkiev, E."]
[Result "1/2-1/2"]
[WhiteElo "2637"]
[BlackElo "2674"]
[PlyCount "127"]
[EventDate "2007.12.18"]
[Source "www.chesslib.no"]
[SourceDate "2004.05.04"]

1. e4 e5 2. Nf3 Nc6 3. Bb5 a6 4. Ba4 Nf6 5. O-O b5 6. Bb3 Bc5 7. c3 d6 8. a4 Rb8 9. d4 Bb6 10. a5 Ba7 11. h3 O-O 12. Re1 Bb7 13. Be3 exd4 14. cxd4 Nb4 15. d5 Bxe3 16. Rxe3 c5 17. Qd2 Re8 18. Nc3 Rc8 19. Bc2 Rc7 20. Ne2 Nd7 21. Rd1 Ne5 22. Nxe5 dxe5 23. Bb1 Rd7 24. Rc1 Qe7 25. Qc3 f5 26. Qxc5 fxe4 27. Bxe4 Nxd5 28. Bxd5+ Rxd5 29. Qc2 b4 30. Ng3 Rc8 31. Qb1 Rxc1+ 32. Qxc1 Qd7 33. Qc4 Qc6 34. Qb3 Kh8 35. f3 Qc1+ 36. Kh2 h6 37. Re2 Qc5 38. Ne4 Qxa5 39. Rc2 Qb6 40. Ng3 Rd1 41. Nf5 Rd7 42. Qa4 Qe6 43. Ng3 Qe7 44. Nf5 Qf7 45. Ng3 Qe7 46. Nf5 Qf7 47. Ng3 Rd4 48. Qa5 Qf4 49. Qc7 Bd5 50. Qb8+ Kh7 51. Rc8 Rd2 52. Rh8+ Kg6 53. Rf8 Bf7 54. Qb7 h5 55. Qxa6+ Kh7 56. Qa8 Rxg2+ 57. Kxg2 Qd2+ 58. Kg1 Qe3+ 59. Kh1 Qe1+ 60. Kg2 Qd2+ 61. Kg1 Qe3+ 62. Kg2 Qd2+ 63. Kg1 Qe3+ 64. Kg2 1/2-1/2

[Event "Wijk aan Zee (m/2)"]
[Site "?"]
[Date "1995.??.??"]
[Round "?"]
[White "Timman, J."]
[Black "Bareev, E."]
[Result "1/2-1/2"]
[WhiteElo "2635"]
[BlackElo "2675"]
[PlyCount "75"]
[EventDate "1995.??.??"]
[Source "ChessBase"]
[SourceDate "1994.10.01"]

1. e4 e5 2. Nf3 Nc6 3. Bb5 a6 4. Ba4 Nf6 5. O-O b5 6. Bb3 Bc5 7. a4 Bb7 8. d3 d6 9. Nc3 b4 10. Nd5 h6 11. a5 O-O 12. c3 Rb8 13. Bd2 bxc3 14. bxc3 Ba7 15. Be3 Bc8 16. Nxf6+ Qxf6 17. Bd5 Bxe3 18. fxe3 Na7 19. Rb1 Rxb1 20. Qxb1 c6 21. Ba2 Nb5 22. Qb2 c5 23. Bc4 Bd7 24. Qb3 Qd8 25. Bxf7+ Kh8 26. c4 Nc3 27. Qxc3 Rxf7 28. Nd2 Rxf1+ 29. Nxf1 Qb8 30. Nd2 Ba4 31. Kf2 Qd8 32. Nf3 Bd1 33. Qd2 Bxf3 34. gxf3 Qh4+ 35. Kg2 Qg5+ 36. Kf1 Qh4 37. f4 Qh3+ 38. Kg1 1/2-1/2

[Event "Shanghai 82/(307)"]
[Site "?"]
[Date "2001.??.??"]
[Round "?"]
[White "Ye, Jiangchuan"]
[Black "Peng, Xiaomin"]
[Result "1/2-1/2"]
[WhiteElo "2677"]
[BlackElo "2629"]
[PlyCount "51"]
[EventDate "2001.??.??"]
[Source "Chess Informant"]
[SourceDate "2001.06.01"]

1. e4 e5 2. Nf3 Nc6 3. Bb5 a6 4. Ba4 Nf6 5. O-O b5 6. Bb3 Bc5 7. a4 Rb8 8. c3 d6 9. d4 Bb6 10. axb5 axb5 11. Na3 exd4 12. cxd4 Bg4 13. Nxb5 O-O 14. Ra4 Re8 15. Bg5 h6 16. Bd5 Bxf3 17. Qxf3 Nxd4 18. Nxd4 Bxd4 19. Rxd4 hxg5 20. Bc6 Re5 21. b4 Qe7 22. b5 g6 23. Ra4 Kg7 24. Qc3 Rc5 25. Qa1 Qe5 26. Qxe5 1/2-1/2

[Event "otb"]
[Site "otb"]
[Date "2007.04.15"]
[Round "1.1"]
[White "Socko Bartosz"]
[Black "Georgiev Kiril"]
[Result "1-0"]
[WhiteElo "2641"]
[BlackElo "2660"]
[PlyCount "123"]
[Source "www.chesslib.no"]
[SourceDate "2004.05.04"]

1. e4 e5 2. Nf3 Nc6 3. Bb5 a6 4. Ba4 Nf6 5. O-O b5 6. Bb3 Bc5 7. c3 d6 8. a4 Bg4 9. h3 Bxf3 10. Qxf3 b4 11. d3 Qb8 12. Nd2 O-O 13. a5 Na7 14. Bc4 Nb5 15. Nb3 bxc3 16. bxc3 Nxc3 17. Nxc5 dxc5 18. Bg5 Qd8 19. Rfc1 Nb5 20. Bxb5 axb5 21. Rxc5 b4 22. Rac1 b3 23. Rxe5 Qd6 24. Rb5 Rfb8 25. e5 Qd7 26. Rxb8+ Rxb8 27. exf6 b2 28. Rb1 Qa4 29. Qe2 Qxa5 30. Bf4 Qa2 31. Qc2 gxf6 32. Be3 Rb4 33. Bc5 Rb5 34. Bd4 Rg5 35. Bxf6 Rg6 36. Qxb2 Qxb2 37. Bxb2 Rb6 38. Kf1 h5 39. Ke2 h4 40. Kd2 Kh7 41. Kc2 Rg6 42. Rg1 Rg5 43. Kd2 Rb5 44. Bc3 Kg6 45. g3 Kh5 46. g4+ Kg5 47. Ke3 Rb3 48. f4+ Kg6 49. Rc1 c5 50. Be5 f6 51. Rxc5 fxe5 52. Rxe5 Rb2 53. Rh5 Rg2 54. Rxh4 Rg3+ 55. Ke4 Rg1 56. Rh8 Re1+ 57. Kd5 Kg7 58. Rh5 Rf1 59. f5 Kf6 60. Rh6+ Kg7 61. Rg6+ Kf7 62. h4 1-0

[Event "It (Men) Edmonton CAN"]
[Site "?"]
[Date "2005.07.13"]
[Round "5"]
[White "Shirov Alexei D"]
[Black "Ganguly Surya Shekhar"]
[Result "1/2-1/2"]
[WhiteElo "2705"]
[BlackElo "2596"]
[PlyCount "38"]
[EventDate "2005.??.??"]
[Source "www.chesslib.no"]
[SourceDate "2004.05.04"]

1. e4 e5 2. Nf3 Nc6 3. Bb5 a6 4. Ba4 Nf6 5. O-O b5 6. Bb3 Bc5 7. a4 Rb8 8. c3 d6 9. d4 Bb6 10. Na3 O-O 11. axb5 axb5 12. Nxb5 Bg4 13. d5 Ne7 14. Bc2 Qe8 15. c4 Nxe4 16. Bxe4 f5 17. Bd3 e4 18. Be2 exf3 19. Bxf3 Ng6 1/2-1/2

[Event "Ch (Men) Santa Clara CUB"]
[Site "?"]
[Date "2006.04.11"]
[Round "3.2"]
[White "Dominguez Lenier"]
[Black "Bruzon Bautista Lazaro"]
[Result "1-0"]
[WhiteElo "2647"]
[BlackElo "2652"]
[PlyCount "65"]
[EventDate "2006.??.??"]
[Source "www.chesslib.no"]
[SourceDate "2004.05.04"]

1. e4 e5 2. Nf3 Nc6 3. Bb5 a6 4. Ba4 Nf6 5. O-O b5 6. Bb3 Bc5 7. a4 Rb8 8. c3 O-O 9. d4 Bb6 10. axb5 axb5 11. dxe5 Ng4 12. Bf4 Qe8 13. Na3 Ncxe5 14. Nxe5 Nxe5 15. Nxb5 Kh8 16. Bd5 f5 17. exf5 Rxf5 18. Bg3 Rf8 19. Nd4 c6 20. Re1 Bc7 21. Ra7 Bb7 22. Bxe5 Bxe5 23. Nf3 d6 24. Nxe5 cxd5 25. Nf3 Qb5 26. Qd2 Ba6 27. Qg5 Rg8 28. h3 h6 29. Qg6 Qd3 30. Qxd6 Bc4 31. Rxg7 Rxg7 32. Qxb8+ Kh7 33. Qf4 1-0